000 00516nam a2200157Ia 4500
005 20250516134353.0
008 231217s9999 xx 000 0 und d
020 _a9780749459598
082 _a658.87 LIN;1 R
100 _aLincoln, Keith. Thomassen, Lars.
245 0 _aHow to succeed at retail : winning case studies and stratgies for retailers and brands
260 _c2010
_bKogam Page
_aNew Delhi
300 _axii, 207
650 _asucceed,retail,winning,studies,stratgies,retailers,brands
942 _cAA
999 _c190663
_d190663